[Event "DSOL 2022"]
[Site "Germany"]
[Date "2022.04.07"]
[Round "7.3"]
[White "Mark, Philipp"]
[Black "Spriestersbach, Kai"]
[Result "1-0"]
[WhiteElo "1692"]
[BlackElo "1869"]
[Annotator "NA RC"]
[PlyCount "123"]
[EventDate "2022.01.31"]
[EventType "team-tourn"]
[EventCountry "GER"]
[SourceTitle "playchess.com"]
[Source "ChessBase"]
[SourceQuality "1"]
[WhiteTeam "SC Windischeschenbach"]
[BlackTeam "SV Erkenschwick II"]
[TimeControl "2700+15"]

1. d4 Nf6 2. c4 g6 3. Nc3 Bg7 4. e4 d6 5. Nf3 O-O 6. Be2 e5 7. O-O Nc6 8. d5 Ne7 9. Ne1 Nd7 10. Nd3 f5 11. f3 f4 12. b4 a5 13. bxa5 c5 14. Bd2 Rxa5 15. Na4 Ra6 16. Qb3 g5 17. Rfb1 Kh8 18. Rb2 Ng8 19. Rab1 Ngf6 20. Nf2 h5 21. h3 g4 22. hxg4 hxg4 23. Nxg4 Nxg4 24. fxg4 Qg5 25. Qh3+ $11 Kg8 26. Nb6 Nxb6 27. Rxb6 Rxa2 28. R6b2 Rxb2 29. Rxb2 Rf6 30. Qh5 Rg6 31. Qxg5 Rxg5 32. Kf2 Bf6 33. Rb6 Be7 34. Bf3 Rg6 35. g3 Bxg4 36. gxf4 exf4 37. Bxg4 Rxg4 38. Kf3 Rg3+ 39. Kxf4 Rd3 40. Be3 Bg5+ 41. Kxg5 Rxe3 42. Kf5 Kf7 43. Rxb7+ Ke8 44. Ra7 Re1 45. Ra4 Ke7 46. Ra7+ Ke8 47. Rh7 Re2 48. Rh4 Ke7 49. Rh7+ Ke8 50. Rc7 Kd8 51. Rg7 Ke8 52. Ke6 Rxe4+ 53. Kxd6 Rxc4 54. Kc6 Ra4 55. Kxc5 Ra6 56. Rb7 Rh6 57. Rc7 Kd8 58. Rc6 Rh1 59. Rg6 Rh2 60. Kd6 Kc8 61. Rg8+ Kb7 62. Re8 1-0

[Event "DSOL 2022"]
[Site "Germany"]
[Date "2022.04.04"]
[Round "7.3"]
[White "Brettschneider, Karl"]
[Black "Prange, Dieter"]
[Result "1/2-1/2"]
[WhiteElo "1630"]
[BlackElo "1642"]
[Annotator "TA"]
[PlyCount "75"]
[EventDate "2022.01.31"]
[EventType "team-tourn"]
[EventCountry "GER"]
[SourceTitle "playchess.com"]
[Source "ChessBase"]
[SourceQuality "1"]
[WhiteTeam "SC Leinfelden I"]
[BlackTeam "SV Bergwinkel I"]

{[%evp 9,75,24,47,-6,35,38,46,52,52,16,19,39,143,102,91,97,88,43,47,35,45,18,23,21,30,22,27,-12,-20,-11,-39,-180,-195,-191,-152,-126,-131,-158,-110,-119,-102,-100,-93,-102,-93,-97,-101,-95,-95,-100,-104,-107,-96,-122,0,0,0,0,0,0,0,0,0,0,0,0,0,0]} 1. c4 e5 2. Nc3 Nc6 3. g3 d6 4. Bg2 Be6 5. b3 Qd7 6. e3 {[#] A25: English Opening vs King's Indian with ...Nc6 but without early d3.} ({White should try} 6. Nf3 $14) 6... h5 $146 ({Predecessor:} 6... Be7 7. Bb2 Nf6 8. d3 Rd8 9. Nge2 Bh3 10. O-O h5 11. Nd5 Bxg2 12. Kxg2 h4 13. Nxf6+ Bxf6 {1-0 (34) Weller,M (2237)-Schoewel,M (2218) Magdeburg 2020}) 7. d4 {d5 is the strong threat.} exd4 8. exd4 {White is slightly better.} Bf5 9. Nd5 Nge7 10. Ne3 Ng6 (10... O-O-O $14) 11. Nf3 Be7 12. h4 Bf6 13. Nd5 O-O-O 14. O-O Bh3 15. Bg5 Bxg2 16. Kxg2 Bxg5 17. Nxg5 ({Much worse is} 17. hxg5 h4 $15) 17... f6 18. Nh3 Rde8 19. Qd3 Qg4 {[%csl LRd4,LRh4]} 20. f3 ({Wrong is} 20. Nhf4 $2 Nxh4+ 21. Kh1 Nf3 $19) (20. Kh2 $1 $15 Nge5 21. dxe5 Nxe5 22. Qd1 Nf3+ 23. Kg2 Nxh4+ 24. Kh2 Nf3+ 25. Kg2 Nh4+ 26. Kh2 Nf3+ 27. Kg2 Nh4+) 20... Nxh4+ $1 $19 21. Kh2 Qg6 ({Stronger than} 21... Qxd4 22. Qxd4 Nxf3+ 23. Rxf3 $11) 22. Qxg6 Nxg6 23. Rad1 Re2+ (23... a5 $142 24. Kg2 h4) 24. Rf2 $17 Rhe8 {Threatens to win with ...Rxf2+.} 25. Kg2 Kd7 26. Nhf4 Nxf4+ 27. Nxf4 {[#]} Rxf2+ 28. Kxf2 {[%mdl 4096] Endgame [#] KRN-KRN} Rh8 $1 29. Ng6 Rh6 30. Nh4 Ne7 31. Re1 g5 (31... Rh7 $17 32. Ng2 c6) 32. Rxe7+ $1 $11 {[%mdl 64] Remove Defender, Decoy. The position is equal.} Kxe7 {KR-KN} 33. Nf5+ Kf7 34. Nxh6+ Kg6 35. Ng8 {Black must now prevent Ne7+.} Kf7 {Inhibits Ne7.} 36. Nh6+ Kg6 37. Ng8 {Hoping for Ne7+.} Kf7 {Against Ne7} 38. Nh6+ {White happily takes the draw.  Weighted Error Value: White=0.20 (precise) /Black=0.16 (very precise)} 1/2-1/2

[Event "DSOL 2022"]
[Site "Germany"]
[Date "2022.04.07"]
[Round "7.3"]
[White "Aldag, Thomas"]
[Black "Gallinnis, Norbert"]
[Result "1-0"]
[WhiteElo "1576"]
[BlackElo "1813"]
[Annotator "NA RC"]
[PlyCount "57"]
[EventDate "2022.01.31"]
[EventType "team-tourn"]
[EventCountry "GER"]
[SourceTitle "playchess.com"]
[Source "ChessBase"]
[SourceQuality "1"]
[WhiteTeam "SK Rinteln I"]
[BlackTeam "SG Porz I"]
[TimeControl "2700+15"]

1. e4 c5 2. Nf3 d6 3. d4 cxd4 4. Nxd4 Nf6 5. Nc3 a6 6. Bg5 e6 7. f4 Qb6 8. Qd2 Qxb2 9. Rb1 Qa3 10. e5 h6 11. Bh4 Nfd7 12. Be2 g6 13. O-O Qa5 14. Bf3 g5 15. Nxe6 fxe6 16. Bh5+ Kd8 17. fxg5 Qxe5 18. Rbe1 Qc5+ 19. Kh1 Nc6 20. Rxe6 Kc7 21. Nd5+ Kb8 22. Bg3 Nde5 23. Re8 Bg7 24. Rxh8 Bxh8 25. Bf2 Qc4 26. Be2 Qe4 27. Bb6 Nd7 28. Nf6 Bxf6 29. Qxd6# 1-0

[Event "DSOL 2022"]
[Site "Germany"]
[Date "2022.04.04"]
[Round "7.3"]
[White "Mittelstaedt, Hendrik"]
[Black "Heerde, Thomas"]
[Result "1-0"]
[WhiteElo "1564"]
[BlackElo "1467"]
[Annotator "NA RC"]
[PlyCount "119"]
[EventDate "2022.01.31"]
[EventType "team-tourn"]
[EventCountry "GER"]
[SourceTitle "playchess.com"]
[Source "ChessBase"]
[SourceQuality "1"]
[WhiteTeam "Post SV Uelzen"]
[BlackTeam "-SK Zehlendorf II"]
[TimeControl "2700+15"]

1. d4 Nf6 2. Bg5 Ne4 3. Bf4 c5 4. f3 Qa5+ 5. Nd2 Nxd2 6. Bxd2 Qb6 7. Bc3 e6 8. d5 exd5 9. Qxd5 d6 10. e4 Be6 11. Qg5 Nc6 12. a3 Nd4 13. O-O-O Nb5 14. Bxb5+ Qxb5 15. f4 f6 16. Bxf6 h6 17. Qh4 Qc4 18. b3 Qxe4 19. Bb2 Be7 20. Qg3 Bf5 21. Rd2 Rg8 22. Nf3 Kf7 23. Re1 Qc6 24. Nh4 Bxh4 25. Qxh4 Rae8 26. Red1 Qe4 27. Qf2 Re6 28. Rxd6 Rxd6 29. Rxd6 Re8 30. Be5 c4 31. Rd4 Qc6 32. Rxc4 Qa6 33. Kb2 Re7 34. h3 h5 35. Bb8 g6 36. Bxa7 b5 37. Bc5 bxc4 38. Bxe7 Kxe7 39. Qc5+ Ke6 40. b4 Kf7 41. Qc7+ Ke8 42. a4 Qe6 43. b5 Qe4 44. Qe5+ Qxe5+ 45. fxe5 h4 46. Kc3 Be4 47. a5 Bxg2 48. Kxc4 Bxh3 49. Kd4 Bg2 50. Ke3 h3 51. Kf2 g5 52. a6 g4 53. Kg3 Bf1 54. a7 Bg2 55. c4 Ke7 56. c5 Ke6 57. c6 Kxe5 58. a8=Q Bf3 59. Qd8 Ke4 60. c7 1-0

[Event "DSOL 2022"]
[Site "Germany"]
[Date "2022.04.07"]
[Round "7.3"]
[White "Timbotumba"]
[Black "Stoering, Marc"]
[Result "1/2-1/2"]
[WhiteElo "1462"]
[BlackElo "1633"]
[Annotator "NA RC"]
[PlyCount "98"]
[EventDate "2022.01.31"]
[EventType "team-tourn"]
[EventCountry "GER"]
[SourceTitle "playchess.com"]
[Source "ChessBase"]
[SourceQuality "1"]
[TimeControl "2700+15"]

1. e4 c5 2. Nf3 d6 3. d4 cxd4 4. Nxd4 Nf6 5. f3 e5 6. Nb3 Be6 7. c4 Qc7 8. Qd3 Nc6 9. Be3 Be7 10. Nc3 a6 11. Rc1 Nb4 12. Qe2 Nd7 13. a3 Nc6 14. Nd5 Qd8 15. Nxe7 Qxe7 16. Qd2 Nc5 17. Nxc5 dxc5 18. Be2 O-O 19. O-O Rfd8 20. Qc3 Nd4 21. Rfe1 Rd7 22. Bf1 Rad8 23. b4 cxb4 24. axb4 g6 25. c5 Kg7 26. Bc4 f6 27. Bxe6 Qxe6 28. Qc4 Kf7 29. Kf2 Qxc4 30. Rxc4 Ke6 31. Rd1 Nc6 32. Rxd7 Rxd7 33. Ke2 f5 34. exf5+ gxf5 35. Rh4 f4 36. Bd2 Nd4+ 37. Ke1 Nc2+ 38. Ke2 Nd4+ 39. Ke1 Kd5 40. Rh5 Rf7 41. Bc3 Kc4 42. Kd2 Rd7 43. Bxd4 Kxd4 44. Kc2 Rg7 45. Kb3 Re7 46. Ka4 Kc4 47. Ka5 Kb3 48. b5 axb5 49. Kxb5 Kc3 1/2-1/2

[Event "DSOL 2022"]
[Site "Germany"]
[Date "2022.04.07"]
[Round "7.4"]
[White "Gallasch, Robin"]
[Black "Rehbein, Detlef"]
[Result "0-1"]
[WhiteElo "1829"]
[BlackElo "1620"]
[Annotator "NA RC"]
[PlyCount "88"]
[EventDate "2022.01.31"]
[EventType "team-tourn"]
[EventCountry "GER"]
[SourceTitle "playchess.com"]
[Source "ChessBase"]
[SourceQuality "1"]
[WhiteTeam "SG Porz I"]
[BlackTeam "SK Rinteln I"]
[TimeControl "2700+15"]

1. d4 g6 2. c4 Bg7 3. Nc3 c5 4. d5 f5 5. Qc2 d6 6. g3 Na6 7. Bg2 Nf6 8. Nh3 Nc7 9. Nf4 O-O 10. O-O Rb8 11. Bd2 b5 12. cxb5 Nxb5 13. Nxb5 Rxb5 14. Bc3 Ng4 15. Rfe1 Bxc3 16. bxc3 Qa5 17. e4 Ne5 18. Ne6 Bxe6 19. dxe6 f4 20. gxf4 Rxf4 21. Qd2 g5 22. Re3 h6 23. Rg3 Kh7 24. Rf1 Qb6 25. Bh3 Rb2 26. Qd1 Rfxf2 27. Bf5+ Kg7 28. Rxf2 Rb1 29. Qxb1 Qxb1+ 30. Rf1 Qxa2 31. h4 Qd2 32. hxg5 hxg5 33. Rf2 Qe1+ 34. Kg2 Nc4 35. Rxg5+ Kf6 36. Rg6+ Ke5 37. Rg5 Ne3+ 38. Kf3 Qxc3 39. Bh3+ Kd4 40. Re2 Qd3 41. Kf2 c4 42. Bg2 c3 43. e5 c2 44. exd6 c1=Q 0-1

[Event "DSOL 2022"]
[Site "Germany"]
[Date "2022.04.04"]
[Round "7.4"]
[White "Schmitt, Clemens"]
[Black "Ibrahim, Amjad"]
[Result "0-1"]
[WhiteElo "1725"]
[BlackElo "1841"]
[Annotator "TA"]
[PlyCount "76"]
[EventDate "2022.01.31"]
[EventType "team-tourn"]
[EventCountry "GER"]
[SourceTitle "playchess.com"]
[Source "ChessBase"]
[SourceQuality "1"]
[WhiteTeam "SV Bergwinkel I"]
[BlackTeam "SC Leinfelden I"]

{[%evp 13,76,2,29,-10,11,9,18,12,5,6,29,21,22,47,52,27,27,-16,-10,-35,-29,-31,-20,-34,-27,-53,-50,-54,-43,-70,-55,-79,-72,-224,-217,-320,-68,-69,-78,-89,-50,-85,-56,-90,-42,-60,-37,-64,-48,-115,-112,-116,-50,-49,-62,-83,-82,-650,-605,-587,-588,-662,-622,-1020,-914]} 1. Nf3 Nf6 2. c4 e6 3. d4 d5 4. e3 Be7 5. Nc3 O-O 6. Bd3 Nbd7 7. O-O c5 8. Re1 {D37: Queen's Gambit Declined: 5 Bf4.} b6 9. b3 Bb7 10. Bb2 {The position is equal.} Rc8 (10... Re8 {feels hotter.} 11. Ne5 Bd6 12. Nb5 Bb8) 11. Rc1 Re8 12. cxd5 Nxd5 13. Nxd5 Bxd5 14. e4 Bb7 15. e5 {[#]} (15. Bb5 $5 {[%cal Rf3e5]}) 15... cxd4 $146 ({Predecessor:} 15... Nf8 16. Bb1 Ng6 17. Bxg6 fxg6 18. Qe2 Rf8 19. dxc5 Bxc5 20. Rcd1 Qe8 21. Bd4 Bb4 {0-1 (54) Stegmaier,E-Schweiger,A Prutting 1991}) 16. Rxc8 Qxc8 17. Nxd4 Nc5 18. Bb1 {[%cal Oh2h4]} Rd8 19. Qh5 g6 20. Qh3 a6 21. Rc1 Qa8 22. a3 Be4 {Threatens to win with ...Bxb1.} (22... Bg5 $6 23. Re1 $11) 23. Bxe4 (23. Qe3 $17) 23... Qxe4 $19 24. Qc3 (24. Qe3 {was necessary.} Qxe3 25. fxe3) 24... Bf8 $2 ({Not} 24... Qxe5 25. Re1 Qf6 26. Nc6 Qxc3 27. Bxc3 $17) ({Black should try} 24... Nd3 $19 25. Qc2 Bc5) 25. Re1 $15 Qd5 26. Qh3 Bg7 27. f4 h5 $40 {[%mdl 128] White needs to defend precisely.} 28. Ba1 Nb7 (28... a5 $17) 29. Qe3 Rc8 30. Nf3 Rc2 31. Qxb6 {[#]} ({White should play} 31. b4 $15) 31... Nc5 $1 $17 {Hoping for ...Nd3.} 32. Qd6 {[#]} Nxb3 ({Better is} 32... Qd3 $1 $17 33. b4 Bf8 34. Qxd3 (34. Qd4 Qxa3 35. Qd1 Nd3 $19) 34... Nxd3) 33. Qxd5 $15 exd5 {[%cal Be6d5,Bd5c4][%mdl 32]} 34. Bd4 Bf8 35. Rb1 $2 {[%mdl 8192]} (35. Be3 $17) 35... Nxd4 $19 {Black is clearly winning.} 36. Nxd4 Bc5 ({Weaker is} 36... Rc4 37. Nf3 $17) 37. Rb4 Rc4 38. Rxc4 dxc4 {Weighted Error Value: White=0.67/Black=0.26 (precise)} 0-1

[Event "DSOL 2022"]
[Site "Germany"]
[Date "2022.04.04"]
[Round "7.4"]
[White "Kornitzky, Tino"]
[Black "Haucke, Alexander"]
[Result "1-0"]
[WhiteElo "1714"]
[BlackElo "1620"]
[Annotator "TA"]
[PlyCount "57"]
[EventDate "2022.01.31"]
[EventType "team-tourn"]
[EventCountry "GER"]
[SourceTitle "playchess.com"]
[Source "ChessBase"]
[SourceQuality "1"]
[WhiteTeam "Bayern München I"]
[BlackTeam "SK Bad Homburg I"]

{[%evp 16,57,25,20,33,23,31,30,30,20,41,0,0,-6,0,0,0,3,16,30,44,49,41,37,33,40,43,39,37,65,122,112,595,612,621,446,615,593,1414,1410,29987,29988,29993,29994]} 1. d4 Nf6 2. c4 g6 3. Nc3 Bg7 4. Nf3 O-O 5. e4 d6 6. Be2 e5 7. d5 a5 8. Bg5 h6 9. Be3 Ng4 {E92: King's Indian: Classical: 6 Be2 e5: 7 dxe5, 7 Be3 and Petrosian System without 7...Nbd7.} 10. Bd2 $1 {10.Bd2 is better than 10.Bc1.} f5 11. h3 Nf6 {White has an edge.} 12. exf5 gxf5 13. Qc1 f4 14. g3 e4 $1 15. Nh4 e3 $1 16. fxe3 fxg3 {[%cal Of6e4]} 17. Ng6 $36 {[%mdl 2048] White has good play.} g2 18. Rg1 Bxh3 19. Nxf8 (19. Bf3 Ng4 20. Bxg2 (20. Nxf8 $2 Qf6 $19) 20... Qf6 $1 $11) 19... Qxf8 20. Qc2 $1 ({Don't blunder} 20. Bf3 $2 Ng4 21. Qd1 {[#]} (21. Bxg4 $2 Qf1+) 21... Nd7 $1 $19) 20... Ng4 {( -> ...Qf2+)} 21. O-O-O {[%cal Og1g2] Rxg2! is the strong threat.} (21. Bxg4 $2 {leads to mate.} Qf1+) 21... Nf2 22. Qg6 Nxd1 (22... a4 $14) 23. Nxd1 {[#]} Qf5 $146 {[%mdl 8192] A mistake that costs the game.} (23... Nd7 $16 {is tougher.}) ({Predecessor:} 23... Nd7 24. Qg3 Bf5 25. Rxg2 Ne5 26. Bc3 Kh8 27. Rf2 Qf7 28. Qf4 Rf8 29. e4 Bg6 30. Bxe5 dxe5 {½-½ (43) Markos,J (2571)-Jablonicky,M (2250) Slovakia 2020}) 24. Qg3 $18 {Hoping for Bc3.} Kh8 25. Nf2 {Strongly threatening Bd3.} Be5 (25... Qf6 $2 26. Bc3 Qg5 27. Bxg7+ Qxg7 28. Qxh3) 26. Qxh3 Qxf2 27. Rxg2 {[%cal Rh3h6]} Qf8 28. Bd3 Bg7 {[#]} 29. Rxg7 $1 {[%mdl 512] Weighted Error Value: White=0.11 (very precise) /Black=0.74} 1-0

[Event "DSOL 2022"]
[Site "Germany"]
[Date "2022.04.07"]
[Round "7.4"]
[White "Eggenstein, Frank"]
[Black "Brunner, Tobias"]
[Result "1-0"]
[WhiteElo "1644"]
[BlackElo "1634"]
[Annotator "NA RC"]
[PlyCount "101"]
[EventDate "2022.01.31"]
[EventType "team-tourn"]
[EventCountry "GER"]
[SourceTitle "playchess.com"]
[Source "ChessBase"]
[SourceQuality "1"]
[WhiteTeam "SV Erkenschwick II"]
[BlackTeam "SC Windischeschenbach"]
[TimeControl "2700+15"]

1. c4 e5 2. g3 Nc6 3. Bg2 f5 4. Nc3 Nf6 5. d3 d6 6. e3 g6 7. Nge2 Bg7 8. O-O O-O 9. f4 Be6 10. Nd5 Bxd5 11. cxd5 Ne7 12. e4 Nd7 13. Nc3 c6 14. Be3 Kh8 15. Rc1 cxd5 16. exd5 exf4 17. gxf4 Nf6 18. h3 Qa5 19. Qb3 Rab8 20. Nb5 a6 21. Nc7 Rfc8 22. Bb6 Qd2 23. Rc2 Qxc2 24. Qxc2 Nfxd5 25. Qb3 Nxb6 26. Qxb6 Nc6 27. Ne6 Bf6 28. Kh2 Re8 29. Bd5 Re7 30. Bxc6 Rxe6 31. Rf2 Re7 32. Ba4 Rc8 33. Kg2 Bh4 34. Qd4+ Rg7 35. Re2 h6 36. Re8+ Rxe8 37. Bxe8 Kh7 38. Qxd6 Be7 39. Qe6 Bc5 40. Kf3 b6 41. Qf6 a5 42. d4 Bb4 43. d5 g5 44. Qxf5+ Kg8 45. Qe6+ Kf8 46. Bc6 Rf7 47. Qxh6+ Ke7 48. Qe6+ Kf8 49. Qh6+ Ke7 50. Qxg5+ Kf8 51. d6 1-0

[Event "DSOL 2022"]
[Site "Germany"]
[Date "2022.04.07"]
[Round "7.4"]
[White "Semper Benitez, Miguel Angel"]
[Black "Thomzik, Dirk"]
[Result "0-1"]
[WhiteElo "1620"]
[BlackElo "1689"]
[Annotator "NA RC"]
[PlyCount "22"]
[EventDate "2022.01.31"]
[EventType "team-tourn"]
[EventCountry "GER"]
[SourceTitle "playchess.com"]
[Source "ChessBase"]
[SourceQuality "1"]
[TimeControl "2700+15"]

1. e4 d5 2. exd5 Qxd5 3. Nc3 Qa5 4. d4 Nf6 5. Bd2 Bg4 6. f3 Bf5 7. Nge2 Nc6 8. g4 Bd7 9. Ne4 Qb6 10. Nc5 Nxd4 11. Nxd7 Nxf3# 0-1

[Event "DSOL 2022"]
[Site "Germany"]
[Date "2022.04.04"]
[Round "7.4"]
[White "Wendland, Guido"]
[Black "Posske, Thore"]
[Result "1/2-1/2"]
[WhiteElo "1515"]
[BlackElo "1718"]
[Annotator "TA"]
[PlyCount "189"]
[EventDate "2022.01.31"]
[EventType "team-tourn"]
[EventCountry "GER"]
[SourceTitle "playchess.com"]
[Source "ChessBase"]
[SourceQuality "1"]
[WhiteTeam "SF Brand"]
[BlackTeam "Hamburger SK I"]

{[%evp 9,189,0,0,-88,2,-10,-19,-119,-112,-118,-128,-113,-114,-100,139,142,159,149,139,144,141,54,50,56,48,52,66,54,116,56,115,121,124,66,67,74,76,-16,14,0,20,7,30,11,221,205,222,222,294,202,250,250,241,207,200,152,368,365,368,365,704,321,304,288,338,173,180,187,172,164,173,162,163,163,162,163,163,158,144,144,219,219,210,173,29973,1160,2011,37,37,37,57,37,57,35,37,39,235,156,156,156,157,106,283,277,293,302,284,0,179,170,260,147,144,172,443,409,391,308,286,-24,-24,-24,-23,-93,-93,-93,-95,-103,-23,-202,-12,-202,-202,-202,-139,-130,-126,-202,-202,-197,-195,-195,-136,-172,-127,-98,-97,-97,-23,-23,-8,-23,0,-23,-23,-23,-23,-23,-23,-23,-23,-60,-5,-4,0,-23,-23,-23,-23,-23,-23,-23,-23,-23,-8,-23,-23,-23,8,8,8,8]} 1. e4 c6 2. d4 d5 3. Bd3 {[%cal Bf1d3,Bd3e4,Be4f3][%mdl 32]} dxe4 4. Bxe4 Nf6 5. Bf3 Nbd7 6. c4 {[#] B12: Caro-Kann: Advance Variation.} (6. Bf4 $11) 6... Qc7 $146 (6... e5 $17 {And now ...exd4 would win.} 7. Be3 Bb4+ 8. Nc3 Qa5) ({Predecessor:} 6... e5 7. dxe5 Nxe5 8. Qe2 Bb4+ 9. Bd2 O-O 10. Bc3 Re8 11. Kf1 Nxf3 12. Qxe8+ Nxe8 13. Nxf3 Qd1+ 14. Ne1 Bxc3 15. bxc3 Bf5 16. g3 Bxb1 {0-1 (16) Bos,I (2200)-Andersen,J (2130) ICCF email 2008}) 7. Nc3 e5 8. g3 (8. Nge2 $11) 8... exd4 $1 $17 9. Qxd4 Bc5 10. Bf4 {[%cal Bc1f4,Bf4c7,Bc7e5,Be5c3][%mdl 32]} Bxd4 (10... Qd8 11. Qd2 $15) 11. Bxc7 Ne5 $2 (11... O-O $17 12. Nge2 Be5) 12. O-O-O $16 Bxc3 13. Rd8+ {[%mdl 64] Skewer} (13. bxc3 $6 Nfd7 $11) 13... Ke7 14. Rxh8 Ng6 15. Rd8 (15. bxc3 Nxh8 16. c5 Be6 $11) (15. Bd8+ $1 $16 Kd6 16. Ne2 $1 {[%mdl 512]} (16. bxc3 Nxh8 17. Ne2 Kd7 $16)) 15... Be5 $14 16. Bxe5 Kxd8 17. Bc3 Kc7 18. h4 $1 Ng4 (18... h6 $14) 19. Nh3 (19. h5 $16 N6e5 20. Bxg4 Nxg4 21. f3) 19... N6e5 (19... f6 $14) 20. Be4 $16 {A strong pair of Bishops.} f6 21. f3 (21. b3 $16) 21... Ne3 $14 22. b3 Nf5 23. Be1 (23. Nf4 $16) 23... Bd7 24. Nf4 Re8 25. Bf2 h6 26. Rd1 {[%cal Od1d7]} b6 $2 {[#]} (26... Nd6 $11) 27. Rxd7+ $1 $18 {[%mdl 512]} Nxd7 (27... Kxd7 28. Bxf5+) 28. Bxf5 g5 29. hxg5 fxg5 30. Nd3 Re2 31. Bd4 {Inhibits Ne5.} h5 32. f4 h4 $2 (32... g4 $16 33. b4 Rxa2) 33. fxg5 hxg3 34. g6 c5 $2 {[#]} (34... g2 35. Kd1 Re8) 35. g7 $1 Re8 {[#]} 36. Be3 {[%mdl 512]} Rg8 (36... g2 37. Bh3) 37. Bf4+ (37. Nf4 $142 Nf6 38. Ne6+ Kd7 39. Nxc5+ Ke8 40. Ne6) 37... Kd8 38. Bxg3 Rxg7 39. Bh4+ Kc7 40. Kc2 Rg2+ 41. Kc3 Rxa2 42. Bg3+ Kd8 43. Nf4 $1 {Inhibits Rg2.} Ra1 {Against Bb1} 44. Nd5 {Strongly threatening Bh4+.} Rf1 (44... Nf8 $16 45. Bc7+ Ke8) 45. Bh4+ Kc8 46. Be6 Re1 $2 (46... Rh1 $18) 47. Ne7+ (47. Bxe1 $142 Kd8 48. Bh4+ Ke8 49. Nc7+ Kf8 50. Bxd7 Kg8 51. Nd5 Kg7 52. Bg3) 47... Kc7 48. Bd5 $2 (48. Bxe1 $18 {Threatening mate with Bg3+.} Kd6 49. Bxd7) 48... Re3+ $14 49. Kc2 Rh3 50. Bg5 {aiming for Bf4+.} Rh2+ 51. Kc3 {Bf4+ is the strong threat.} Rh3+ 52. Kb2 {Threatens to win with Bf4+.} Kd6 $2 (52... Ne5 $14) 53. Nc8+ Ke5 54. Nxa7 {&Bianco is more active.} Rh2+ 55. Kb1 (55. Ka3 $142) 55... Kd4 $2 (55... Kf5 $16 {might work better.}) 56. Nb5+ $18 Kd3 57. Be6 Ne5 58. Bd5 $2 (58. Bf5+ $18 Ke2 59. Nc3+ Kf3 60. Bd8) 58... Re2 $2 (58... Nd7 $1 $11) 59. Bd8 Nd7 (59... Kd2 $142 60. Ka2 (60. Bxb6 Nd3 $18) 60... Re1 61. Bxb6 Nd3) 60. Bc6 (60. Bg8 $18) 60... Ne5 $16 61. Bb7 $1 Nxc4 $2 (61... Kd2 62. Bg5+ (62. Bxb6 Nd3 $18) 62... Kd3) 62. bxc4 $18 Kxc4 63. Ba6 Kb4 64. Bc7 $2 ({Inferior is} 64. Bxb6 Re6 65. Nc7 Rxb6 66. Nd5+ Ka5+ 67. Nxb6 Kxa6 $11) ({White should play} 64. Kc1 $18) 64... Re1+ $11 65. Kc2 Ra1 66. Bc8 (66. Bxb6 $11 {remains equal.} Rxa6 67. Nc3) 66... Kxb5 $17 67. Bd7+ Ka6 $1 68. Bc8+ Ka7 {Hoping for ...Ra4.} 69. Kb3 $2 {Prevents Ra4.} (69. Bd7 $1 $11 {and White is okay.}) 69... Rh1 $2 ({Better is} 69... b5 $19 {White must now prevent ...Rc1.} 70. Kc2 Rf1) 70. Bf5 $2 (70. Kc4 $11) 70... Rh4 $19 71. Kc3 Kb7 72. Bd8 Rf4 73. Be6 (73. Bd3 $17 {was called for.}) 73... Kc6 74. Bg5 Rf3+ 75. Kc2 {[#]} Kb5 (75... b5 $1 $19 76. Bd2 c4) 76. Bd7+ Ka6 77. Bc8+ Ka7 78. Bd7 {[#]} Kb7 (78... c4 $1 $17) 79. Bb5 $11 Rg3 80. Bf4 Rf3 81. Be5 Re3 82. Bf4 Re4 83. Bd2 Kc7 84. Kb3 Kd6 85. Bc4 Ke5 (85... Kc6 $15) 86. Bc3+ Kd6 87. Bd3 Re3 88. Bb5 Kd5 89. Bd7 Re7 90. Bb5 Rh7 91. Be8 Rh1 92. Bb5 {Against c4+} Rb1+ 93. Bb2 c4+ 94. Bxc4+ Kc5 {[%cal Ob1b2] ( -> ...Rxb2+!)} 95. Bd3 {Both players deserved the win here.  Weighted Error Value: White=0.55/Black=0.62} 1/2-1/2

[Event "DSOL 2022"]
[Site "Germany"]
[Date "2022.04.04"]
[Round "7.4"]
[White "Hasic, Mirza"]
[Black "Falke, Philipp"]
[Result "1-0"]
[WhiteElo "1512"]
[BlackElo "1620"]
[Annotator "TA"]
[PlyCount "65"]
[EventDate "2022.01.31"]
[EventType "team-tourn"]
[EventCountry "GER"]
[SourceTitle "playchess.com"]
[Source "ChessBase"]
[SourceQuality "1"]
[WhiteTeam "SK Zehlendorf II"]
[BlackTeam "Post SV Uelzen"]

{[%evp 20,64,83,87,127,18,25,0,18,0,25,29,13,-25,37,40,37,22,13,19,31,27,30,16,43,33,39,36,41,34,34,29,70,40,184,191,194,181,881,808,29988,29989,29994,29977,29993,29994,29999]} 1. d4 d5 2. c4 e6 3. Nc3 Nf6 4. cxd5 exd5 5. Bg5 Be7 6. Qc2 c6 7. e3 O-O 8. Bd3 Nbd7 {[%cal Bb8d7,Bd7f8,Bf8e6][%mdl 32]} 9. Nge2 Re8 10. O-O Ne4 11. Bf4 {[%cal Oc3d5] Strongly threatening Nxd5!} ({Reject} 11. Nxe4 dxe4 12. Bxe7 exd3 $1 13. Bxd8 dxc2 $15) 11... Nef6 {[#] D36: Queen's Gambit Declined: Exchange Variation: Main line (5 Bg5 c6 6 Qc2).} 12. Ng3 {&Bianco is more active.} ({Better is} 12. Nb5 $1 $16 {[%mdl 512] Threatens to win with Bc7.} Nc5 13. Nc7 (13. dxc5 cxb5 14. Bxb5 Bd7 $16) 13... Nxd3 14. Qxd3) 12... Nf8 $11 {[#]} 13. Rab1 $146 ({Predecessor:} 13. f3 Bd6 14. Bxd6 Qxd6 15. Qd2 Be6 16. Kh1 Rad8 17. Rad1 a6 18. Bf5 Bxf5 19. Nxf5 {0-1 (38) Wasielewski,S (1615)-Kaczmarek,M (1995) Poland 2015}) 13... h6 {The position is equal.} 14. b4 a6 15. a4 Ne6 16. Nce2 Bd6 ({Black should try} 16... Nxf4 $11 17. Nxf4 Bd6) 17. Bxd6 $14 Qxd6 18. b5 axb5 19. axb5 Bd7 20. bxc6 bxc6 21. Rfc1 Ra7 22. Bf5 Rea8 23. h3 Ne8 24. Bh7+ (24. Rb2 {feels hotter.} Ra1 25. Rb7 Bc8 26. Rb6) 24... Kf8 25. Bd3 N8c7 26. Nc3 {[%cal Be2c3,Bc3d5,Bd5e7,Be7g6][%mdl 32]} (26. Nf5 $5 {[%cal Rf5d6]} Qa3 27. Nh4 $16) 26... Na6 {Black cannot hold the game after this.} (26... Kg8 $14) 27. Bxa6 $18 Rxa6 {[#]} 28. Qh7 $36 {[%mdl 2048] Hoping for Nf5. Keeping Black busy.} f6 $2 (28... Ng5 29. Qh8+ Ke7 30. Qxg7 Qf6 31. Qxf6+ Kxf6) 29. Nf5 Qc7 {[#]} 30. Nxd5 $1 {[%mdl 512] White mates.} Qa7 (30... Qd8 31. Nf4) 31. Nde7 {[%csl Ge7][%cal Rh7g8]} Kf7 32. Ng6 {[%cal Rf5d6] Pair of Knights!} Rg8 33. Nd6# {Weighted Error Value: White=0.14 (very precise) /Black=0.54} 1-0